Complaints against agents rocket (Record no. 70119)

MARC details
000 -LEADER
fixed length control field 00828cam a2200193 4500
001 - CONTROL NUMBER
control field WB3816-23
008 - FIXED-LENGTH DATA ELEMENTS--GENERAL INFORMATION
fixed length control field 020430n2002 000 0 eng u
035 ## - SYSTEM CONTROL NUMBER
System control number (Sirsi) u117767
245 ## - TITLE STATEMENT
Title Complaints against agents rocket
260 ## - PUBLICATION, DISTRIBUTION, ETC.
Date of publication, distribution, etc. 2002
490 ## - SERIES STATEMENT
Series statement Estates Gazette
Volume/sequential designation (0217) 27 April 2002, 46(1)
520 ## - SUMMARY, ETC.
Summary, etc. The Ombudsman for Estate Agent's annual report reveals that the number of complaints made against estate agents has risen from 4 466 in 2000 to 5 730 in 2001. However, most complaints were against non-member agents which prevented the Ombudsman from dealing with them. Ombudsman for Estate Agents at http://www.oea.co.uk.
590 ## - LOCAL NOTE (RLIN)
Local note WB
650 ## - SUBJECT ADDED ENTRY--TOPICAL TERM
Topical term or geographic name entry element ESTATE AGENTS
650 ## - SUBJECT ADDED ENTRY--TOPICAL TERM
Topical term or geographic name entry element COMPLAINTS
650 ## - SUBJECT ADDED ENTRY--TOPICAL TERM
Topical term or geographic name entry element OMBUDSMAN FOR ESTATE AGENTS
690 ## - LOCAL SUBJECT ADDED ENTRY--TOPICAL TERM (OCLC, RLIN)
Topical term or geographic name as entry element PROPERTY AND LAND LAW-AGENCY-RESIDENTIAL
942 ## - ADDED ENTRY ELEMENTS (KOHA)
Suppress in OPAC 0
Holdings
Withdrawn status Lost status Source of classification or shelving scheme Damaged status Not for loan Home library Current library Shelving location Date acquired Total Checkouts Full call number Barcode Date last seen Copy number Price effective from Koha item type
    Dewey Decimal Classification     London London News article 30/04/2002   WB3816-23 117767-1001 06/08/2019 1 06/08/2019 News article